| 000 | 00590nam a22001577a 4500 | ||
|---|---|---|---|
| 003 | macl | ||
| 005 | 20200111124839.0 | ||
| 008 | 200111b xxu||||| |||| 00| 0 eng d | ||
| 040 | _cmacl | ||
| 082 | _a900 | ||
| 100 |
_aसिंह, डॉ अरूण प्रताप _977772 |
||
| 245 | _aप्रचीन भारत के विशिष्ट अभिलेख (एक ऐतिहासिक मूल्यांकन ) | ||
| 260 |
_aवाराणासी _bकला प्रकाशन _c2016 |
||
| 650 |
_aइतिहास _977773 |
||
| 942 |
_2ddc _cHIN |
||
| 999 |
_c61759 _d61759 |
||